New Order Songs - Statistics

General Stats
  • This quiz has been taken 135 times
  • The average score is 41 of 136
Answer Stats
Album Song % Correct
Substance 1987 Blue Monday
91%
Singles - Disc One Blue Monday [12" Version]
91%
Singles - Disc Two Blue Monday 1988 [7" Version]
91%
Substance 1987 True Faith
82%
Singles - Disc One True Faith [12" Version]
82%
Brotherhood | Singles - Disc One Bizarre Love Triangle
75%
Substance 1987 Bizarre Love Triangle [Extended Mix]
75%
Substance 1987 Ceremony
73%
Singles - Disc One Ceremony [Original Version]
73%
Power, Corruption & Lies Age Of Consent
68%
Singles - Disc One Temptation [7" Original Version]
64%
Substance 1987 Temptation [New Version]
64%
Republic | Singles - Disc Two Regret
55%
Substance 1987 Perfect Kiss
52%
Low-Life | Singles - Disc One The Perfect Kiss
52%
Technique Round & Round
50%
Singles - Disc Two Round & Round [7" Version]
50%
Low-Life Elegia
48%
Substance 1987 Shellshock
48%
Singles - Disc One Shellshock [Single Version]
48%
Low-Life Sub-culture
46%
Substance 1987 Subculture
46%
Singles - Disc One Sub-culture [Remix - 7" Edit]
46%
Movement Dreams Never End
45%
Substance 1987 Thieves Like Us
45%
Singles - Disc One Thieves Like Us [7" Edit]
45%
Technique Vanishing Point
45%
Substance 1987 Everything's Gone Green
43%
Singles - Disc One Everything's Gone Green [7" Version]
43%
Low-Life Love Vigilantes
43%
Technique Fine Time
41%
Singles - Disc Two Fine Time [7" Edit]
41%
Singles - Disc Two | Technique Run
41%
Substance 1987 Confusion [New Version]
39%
Singles - Disc One Confusion [Rough Mix Edit]
39%
Technique Mr. Disco
39%
Republic World
39%
Singles - Disc Two World (The Price Of Love) [Radio Edit]
39%
Get Ready Crystal
38%
Singles - Disc Two Crystal [Radio Edit]
38%
Substance 1987 State Of The Nation
38%
Singles - Disc One State Of The Nation [Edit]
38%
Low-Life Sunrise
38%
Power, Corruption & Lies Your Silent Face
38%
Technique Dream Attack
36%
Power, Corruption & Lies Leave Me Alone
36%
Singles - Disc One 1963 [Unique Version of "1963-94"]
34%
Technique All The Way
34%
Power, Corruption & Lies The Village
34%
Singles - Disc Two World In Motion [Single Version]
34%
Power, Corruption & Lies 5 8 6
32%
Technique Love Less
32%
Power, Corruption & Lies Ultraviolence
32%
Power, Corruption & Lies Ecstasy
29%
Music Complete Tutti Frutti
29%
Wating For The Sirens' Call Waiting For The Sirens' Call
29%
Singles - Disc Two Waiting For The Sirens' Call [Rich Costey Radio Edit]
29%
Singles - Disc One Touched By The Hand Of God [Single Version]
27%
Brotherhood Weirdo
27%
Wating For The Sirens' Call Krafty
25%
Singles - Disc Two Krafty [Single Edit]
25%
Brotherhood Paradise
25%
Low-Life Sooner Than You Think
25%
Power, Corruption & Lies We All Stand
25%
Get Ready 60 Miles An Hour
23%
Singles - Disc Two 60 MIles An Hour [Radio Edit]
23%
Brotherhood Angel Dust
23%
Brotherhood As It Is When It Was
23%
Movement The Him
23%
Brotherhood Every Little Counts
21%
Low-Life Face Up
21%
Technique Guilty Partner
21%
Singles - Disc One Procession
21%
Republic Ruined In A Day
21%
Singles - Disc Two Ruined In A Day [Radio Edit]
21%
Republic Spooky
21%
Singles - Disc Two Spooky [Radio Edit]
21%
Low-Life This Time Of Night
21%
Brotherhood Way Of Life
21%
Music Complete Academic
20%
Movement Denial
20%
Movement Truth
20%
Wating For The Sirens' Call Turn
20%
Singles - Disc Two Turn [Edit]
20%
Brotherhood All Day Long
18%
Movement Chosen Time
18%
Wating For The Sirens' Call Dracula's Castle
18%
Movement ICB
18%
Music Complete Restless
18%
Wating For The Sirens' Call Who's Joe?
18%
Brotherhood Broken Promise
16%
Movement Doubts Even Here
16%
Wating For The Sirens' Call Jetstream
16%
Singles - Disc Two Jetstream [Radio Edit]
16%
Get Ready Primitive Notion
16%
Movement Senses
16%
Music Complete Plastic
14%
Get Ready Rock The Shack
14%
Get Ready Run Wild
14%
Republic Avalanche
13%
Republic Chemical
13%
Get Ready Close Range
13%
Singles - Disc Two Here To Stay [Radio Edit]
13%
Wating For The Sirens' Call Hey Now What You Doing
13%
Get Ready Someone Like You
13%
Music Complete Stray Dog
13%
Lost Sirens Sugarcane
13%
Get Ready Turn My Way
13%
Wating For The Sirens' Call Guilt Is A Useless Emotion
11%
Lost Sirens Hellbent
11%
Wating For The Sirens' Call I Told You So
11%
Lost Sirens I Told You So [Crazy World Mix]
11%
Music Complete Singularity
11%
Republic Special
11%
Music Complete Superheated
11%
Get Ready Vicious Streak
11%
Lost Sirens I'll Stay With You
9%
Get Ready Slow Jam
9%
Republic Young Offender
9%
Lost Sirens Californian Grass
7%
Republic Everyone Everywhere
7%
Republic Times Change
7%
Music Complete Unlearn This Hatred
7%
Wating For The Sirens' Call Working Overtime
7%
Music Complete Nothing But A Fool
5%
Music Complete People On The High Line
5%
Lost Sirens Recoil
5%
Music Complete The Game
5%
Lost Sirens I've Got A Feeling
4%
Republic Liar
4%
Wating For The Sirens' Call Morning Night And Day
4%
Lost Sirens Shake It Up
4%
No matching quizzes found
Score Distribution
Percent of People with Each Score
Percentile by Number Answered
Your Score History
You have not taken this quiz